000 01345cas a2200313 a 4500
001 11133437
005 20180127054538.0
008 790330c19579999pau x 0 a0eng c
010 _a 00006383
_z 2007281292
_z 2011009789
020 _a0721628591
035 _a(OCoLC)ocm04802975
040 _aAAA
_beng
_cAAA
_dIUL
_dIXA
_dDLC
_dNST
_dUDI
_dOCL
_dDLC
_dOCL
_dNYG
_dNST
_dGUA
_dOCLCQ
_dORU
_dLVB
_dJED
_dIUL
_dDLC
_dWUOHS
_dOCLCQ
_dDLC
_dAPL
_dOCL
_dOCLCF
_dOCLCA
_dOCLCQ
_dTWP
_dOCLCO
_dXFF
_dOCLCO
_dI8M
_dP@N
_dOCLCO
_dYXV
_dPIFPO
_dOCLCO
_dVGM
_dOCLCO
_dCUO
_dG3T
_dOCLCO
_dOCLCQ
_dILM
_dXFH
_dCSJ
_dCSA
_dTFH
_dOI6
_dOCLCO
_dMUX
_dCSAIL
_dOCLCO
_dTFW
_dOCLCO
_dOKS
_dOCLCO
041 _aeng
042 _apcc
060 0 _a610.321
_bD711i
080 _a610.321
082 0 4 _a610.321 DOR
_219
100 _a23
101 _aFJA
245 0 0 _aDorland's illustrated medical dictionary.
310 _aIrregular
362 1 _aBegan with 23rd ed. published in 1957.
776 0 8 _iOnline version:
_tDorland's illustrated medical dictionary
_w(OCoLC)650909746
780 0 0 _tAmerican illustrated medical dictionary
_w(DLC) 2003204855
_w(OCoLC)4802946
906 _a7
_bcbc
_cserials
_d3
_encip
_f19
_gn-oclcserc
942 _2ddc
_cBK
999 _c41094
_d41094